| 000 | 01297cab a2200385 4500 | ||
|---|---|---|---|
| 001 | ABS57718 | ||
| 008 | 090401t1997 xxu||||| |||| 00| 0 eng d | ||
| 035 | _a(Sirsi) u81871 | ||
| 041 | _aeng | ||
| 100 | _aBhojnani, R. | ||
| 245 | _aTime to avoid disaster | ||
| 260 | _c1997 | ||
| 350 | _a0 | ||
| 490 |
_aEstates Gazette _v(9742) 18 October 1997, 160-162(3) |
||
| 520 | _aExplains how landlords and managing agents may be responsible in the Year 2000 for preventing failure to equipment which contains embedded computer chips. Covers supply and maintenance contracts, equipment warranties, liability of suppliers and insurance. | ||
| 650 | _aBUILT ENVIRONMENT-BUILDING ELEMENTS-COMPLETE BUILDING SERVICES ELEMENTS-COMPLETE HEATING, VENTILATION AND AIR CONDITIONING SYSTEMS | ||
| 650 | _aBUILDING EQUIPMENT | ||
| 650 | _aFIRE ALARMS | ||
| 650 | _aLANDLORDS | ||
| 650 | _aLIABILITY | ||
| 650 | _aLIFTS | ||
| 650 | _aMAINTENANCE CONTRACTS | ||
| 650 | _aMANAGING AGENTS | ||
| 650 | _aOBLIGATIONS | ||
| 650 | _aSAFETY | ||
| 650 | _aSECURITY SYSTEMS | ||
| 650 | _aSUPPLIERS | ||
| 650 | _aSUPPLY CONTRACTS | ||
| 650 | _aWARRANTIES | ||
| 650 | _aYEAR 2000 | ||
| 690 | _aCOMMERCIAL PROPERTY-MANAGEMENT | ||
| 700 | _aFazzani, L. | ||
| 942 | _n0 | ||
| 948 | _c03/11/1997 | ||
| 999 |
_c51623 _d51623 |
||